| 000 | 00887nam a2200289 a 4500 | ||
|---|---|---|---|
| 001 | ASIN9789699921 | ||
| 005 | 20170105102933.0 | ||
| 008 | 150409s2013 xxu eng d | ||
| 020 |
_a9789699921 (paperback) _c$95.50 |
||
| 020 | _a9789789699926 (paperback) | ||
| 040 | _a1 | ||
| 050 | 0 | 4 | _aDS371.412 |
| 082 |
_a958.1 AFG _b2013 |
||
| 100 | 1 | _aSultan, Dr Maria. | |
| 245 | 0 | 0 |
_aAfghanistan 2014 : _bthe decision point / _cDr Maria Sultan. |
| 260 |
_a[S.l.] : _bSouth Asian Strategic Stability Institute, _c2013. |
||
| 300 | _a1 v. (unpaged) | ||
| 520 | _a... | ||
| 650 | 0 | _aAfghan War (2001-) | |
| 650 | 0 | _aAfghanistan | |
| 650 | 0 | _aMilitary policy | |
| 650 | 0 | _aRelations | |
| 650 | 0 | _aStrategic aspects of individual places | |
| 650 | 0 | _aUnited States | |
| 856 | 4 | 0 |
_3Amazon.com _uhttp://www.amazon.com/exec/obidos/ASIN/9789699921/chopaconline-20 |
| 942 |
_2ddc _cBK |
||
| 999 |
_c16116 _d16116 |
||